| 000 | 00532nam a2200181Ia 4500 | ||
|---|---|---|---|
| 008 | 130821s1975 sp gr spa | ||
| 040 |
_aCo-BoUCM _bspa |
||
| 041 | _aspa | ||
| 100 | 1 |
_aArza, Antonio _9155240 |
|
| 245 | 1 | 0 |
_aNuevo concepto del matrimonio _cAntonio Arza |
| 260 |
_aBilbao (Vizcaya, España) _bMensajero _c1975 |
||
| 300 | _a178 páginas | ||
| 650 | 0 | 4 |
_aÉtica _9195 |
| 650 | 0 | 4 |
_aÉtica social _915261 |
| 650 | 0 | 4 |
_aMatrimonio _919082 |
| 942 |
_cLIBRO _a2 _e1 _mA79 _2DEWEY _h173 |
||
| 999 |
_c4639 _d4639 |
||